000
00331nam a22001337a 4500
008
250327b |||||||| |||| 00| 0 eng d
020
_a
9783819771
050
_a
PN1010
_b
.S53
100
_a
SHAIBU, S . A
245
_a
The Womb of the Crocodile
260
_a
Lagos
_b
Diamond Print & Design Ltd.
_c
2007
300
_a
63p.
942
_c
BK
999
_c
2748
_d
2748